000 00582nam a2200205 a 4500
999 _c1940
_d1940
005 20200518161848.0
008 140303b1998 wau||||| |||| 00| 0 eng d
040 _aCO-BoIAVH
_cCO-BoIAVH
041 _aeng
044 _axxu
082 _a333.9516079
090 _aLB
_b01771
110 _bWorld Bank
_96725
245 _aGuidelines for monitoring and evaluation for biodiversity projects
260 _aWashington
_bWorld Bank
_c1998
300 _a33 p.
650 _aGuía de monitoreo y evaluación
_913831
650 _aProyectos de investigación
_9102989
942 _cLIBRO
_2z